How to write a thesis / (Record no. 71523)
[ view plain ]
| 000 -LEADER | |
|---|---|
| fixed length control field | 01219cam a2200313 i 4500 |
| 001 - CONTROL NUMBER | |
| control field | 18507226 |
| 003 - CONTROL NUMBER IDENTIFIER | |
| control field | NUST - PNEC |
| 005 - DATE AND TIME OF LATEST TRANSACTION | |
| control field | 20170116181203.0 |
| 008 - FIXED-LENGTH DATA ELEMENTS--GENERAL INFORMATION | |
| fixed length control field | 150226s2015 mau b 000 0 eng |
| 010 ## - LIBRARY OF CONGRESS CONTROL NUMBER | |
| LC control number | 2014018800 |
| 020 ## - INTERNATIONAL STANDARD BOOK NUMBER | |
| International Standard Book Number | 9780262527132 (pbk. : alk. paper) |
| 040 ## - CATALOGING SOURCE | |
| Original cataloging agency | DLC |
| Language of cataloging | eng |
| Transcribing agency | LIBRARY |
| Description conventions | rda |
| Modifying agency | DLC |
| 041 1# - LANGUAGE CODE | |
| Language code of text/sound track or separate title | eng |
| Language code of original | ita |
| 042 ## - AUTHENTICATION CODE | |
| Authentication code | pcc |
| 050 00 - LIBRARY OF CONGRESS CALL NUMBER | |
| Classification number | LB2369 |
| Item number | .E2813 2015 |
| 082 00 - DEWEY DECIMAL CLASSIFICATION NUMBER | |
| Classification number | 378.242 ECO |
| Edition number | 23 |
| 100 1# - MAIN ENTRY--PERSONAL NAME | |
| Personal name | Eco, Umberto. |
| 240 10 - UNIFORM TITLE | |
| Uniform title | Come si fa una tesi di laurea. |
| Language of a work | English. |
| 245 10 - TITLE STATEMENT | |
| Title | How to write a thesis / |
| Statement of responsibility, etc. | Umberto Eco ; translated by Caterina Mongiat Farina and Geoff Farina ; foreword by Francesco Erspamer. |
| 300 ## - PHYSICAL DESCRIPTION | |
| Extent | xxvi, 229 pages ; |
| Dimensions | 21 cm |
| 504 ## - BIBLIOGRAPHY, ETC. NOTE | |
| Bibliography, etc. note | Includes bibliographical references. |
| 650 #0 - SUBJECT ADDED ENTRY--TOPICAL TERM | |
| Topical term or geographic name entry element | Dissertations, Academic. |
| General subdivision | General |
| 700 1# - ADDED ENTRY--PERSONAL NAME | |
| Personal name | Mongiat Farina, Caterina, |
| Relator term | translator. |
| 700 1# - ADDED ENTRY--PERSONAL NAME | |
| Personal name | Farina, Geoff, |
| Relator term | translator. |
| 856 ## - ELECTRONIC LOCATION AND ACCESS | |
| Uniform Resource Identifier | <a href="http://www.amazon.com/How-Write-Thesis-Umberto-Eco/dp/0262527138/ref=sr_1_1?s=books&ie=UTF8&qid=1455783616&sr=1-1&keywords=9780262527132">http://www.amazon.com/How-Write-Thesis-Umberto-Eco/dp/0262527138/ref=sr_1_1?s=books&ie=UTF8&qid=1455783616&sr=1-1&keywords=9780262527132</a> |
| 906 ## - LOCAL DATA ELEMENT F, LDF (RLIN) | |
| a | 7 |
| b | cbc |
| c | orignew |
| d | 1 |
| e | ecip |
| f | 20 |
| g | y-gencatlg |
| 942 ## - ADDED ENTRY ELEMENTS (KOHA) | |
| Source of classification or shelving scheme | |
| Koha item type | Book |
| Withdrawn status | Lost status | Source of classification or shelving scheme | Materials specified (bound volume or other part) | Damaged status | Not for loan | Permanent Location | Current Location | Shelving location | Date acquired | Source of acquisition | Cost, normal purchase price | Total Checkouts | Full call number | Barcode | Date last seen | Cost, replacement price | Price effective from | Koha item type |
|---|---|---|---|---|---|---|---|---|---|---|---|---|---|---|---|---|---|---|
| paperback | Pakistan Navy Engineering College (PNEC) | Pakistan Navy Engineering College (PNEC) | 12/07/2015 | Siddiqui Enterprises/Reference grant | 1970.00 | 378.242 ECO | PNECLIB-032421 | 02/18/2016 | 1970.00 | 12/07/2015 | Book |
